• 首页
  • 本馆介绍
  • 公告通知
  • 最新文献
  • 馆藏检索
  • 电子资源
  • 读者导购
  • 参考咨询
  • 我的图书馆
  • 登录
  • 详细信息显示
  • 放入我的书架
  • 预约/预借图书
  • 作者相关作品
  • 分类相关作品
  • 丛书相关作品
  • 出版社相关作品

书目信息

  • 表格格式
  • 工作单格式
  • 卡片格式
题名:
多项式系统求解的算法研究
    
 
作者: 季振义, , 刘诚, , 刘健康, 著
分册:  
出版信息: 成都   西南财经大学出版社  2018
页数: 179页
开本: 24cm
丛书名:
单 册:
中图分类: O174.14
科图分类:
主题词: 多项式--duo xiang shi--算法--研究
电子资源:
ISBN: 978-7-5504-3526-1
000 01289nam0 2200289 450
001 012001001646
005 20131108154930.0
010    @a978-7-5504-3526-1@dCNY88.00
099    @aCAL 012018189572
100    @a20181206d2018 em y0chiy50 ea
101 0  @achi
102    @aCN@b510000
105    @ay a 000yy
106    @ar
200 1  @a多项式系统求解的算法研究@Aduo xiang shi xi tong qiu jie de suan fa yan jiu@f季振义, 刘诚, 刘健康著
210    @a成都@c西南财经大学出版社@d2018
215    @a179页@d24cm
300    @a四川省教育厅项目: 16XB0056
320    @a有书目 (第106-118页)
330    @a本文主要内容包括以下几个方面: 1.解决了牛顿迭代算法中分母奇异的问题 ; 2.在半代数系统实根隔离方面, 提出了基于连续同伦算法和区间牛顿算法的高效、可信的方法 ; 3.针对具有不同维数的不可约分支的正维数系统的实根计算问题, 构造特殊的同伦方程以保证在每一个不可约分支上找到至少一个实数解 ; 4.研究了三种结式之间的关系。科学计算中的诸多问题都可以转化为多项式系统求解问题, 符号计算和数值计算是两种不同的计算方法。
606 0  @a多项式@Aduo xiang shi@x算法@x研究
690    @aO174.14@v5
701  0 @a季振义,@Aji zhen yi@f1983-@4著
701  0 @a刘诚,@Aliu cheng@f1982-@4著
701  0 @a刘健康,@Aliu jian kang@f1975-@4著
801  0 @aCN@b北京卓展@c20191020
905    @b1198716-9@dO174.14@e241@f4
    
    多项式系统求解的算法研究/季振义, 刘诚, 刘健康著.-成都:西南财经大学出版社,2018
    179页;24cm
    四川省教育厅项目: 16XB0056
    
    ISBN 978-7-5504-3526-1:CNY88.00
    本文主要内容包括以下几个方面: 1.解决了牛顿迭代算法中分母奇异的问题 ; 2.在半代数系统实根隔离方面, 提出了基于连续同伦算法和区间牛顿算法的高效、可信的方法 ; 3.针对具有不同维数的不可约分支的正维数系统的实根计算问题, 构造特殊的同伦方程以保证在每一个不可约分支上找到至少一个实数解 ; 4.研究了三种结式之间的关系。科学计算中的诸多问题都可以转化为多项式系统求解问题, 符号计算和数值计算是两种不同的计算方法。
●
相关链接 在E读中查询图书 在五车中查询图书 在当当中查询图书 在豆瓣中查询图书


正题名:多项式系统求解的算法研究     索取号:O174.14/241         预约/预借

序号 登录号 条形码 馆藏地/架位号 状态 备注
1 1198716   211987162   第二样本阅览室/ [索取号:O174.14/241] 在馆    
2 1198717   211987171   第三借阅区/ [索取号:O174.14/241] 在馆    
3 1198718   211987180   第三借阅区/ [索取号:O174.14/241] 在馆    
4 1198719   211987199   第三借阅区/ [索取号:O174.14/241] 在馆    
唐山师范学院图书馆 欢迎您!
大连网信软件有限公司© 版权所有